Rappeur fr en fonction de son titre #1 - Statistiques

Statistiques générales
  • Ce quiz a été pris 7 469 fois
  • Le résultat moyen est 12 sur 18
Statistiques - réponses
Titre Rappeur % Correct
La kiffance Naps
97%
Reseaux Niska
95%
Bolide allemand SDM
93%
popopop Gambi
90%
Afro trap MHD
88%
Autobahn SCH
88%
Zoo Kaaris
86%
Amnesie Damso
85%
Mona Lisa Booba
84%
On verra Nekfeu
79%
Solitaire Werenoi
59%
Mortel Koba la d
48%
Carton rouge Lorenzo
47%
San Orelsan
42%
Mercedes Fave
38%
Tout s'en va Luv Resval
37%
Alakazam Luther
32%
Opium BB Jacques
10%
Aucun quiz correspondant
Distribution des résultats
% des personnes avec chaque résultat
Percentile par nombre de réponses
Votre historique - résultats
Vous n’avez pas pris ce quiz